Getriebetechnik : Amlaufträdergetriebe

Salvato in:
Dettagli Bibliografici
Natura: Libro
Lingua:tedesco
Pubblicazione: Berlin : VEB Verlag, 1978
Edizione:2.prepr.vyd.
Soggetti:
Tags: Aggiungi Tag
Nessun Tag, puoi essere il primo ad aggiungerne!!

MARC

LEADER 00000nam a22000003a 4500
001 stu36411
005 20150408180841.3
008 920603s1978----gw------------------ger-d
040 |a STU  |b slo 
041 0 |a ger 
044 |a gw 
080 |a 62 
245 |a Getriebetechnik :  |b Amlaufträdergetriebe 
250 |a 2.prepr.vyd. 
260 |a Berlin :  |b VEB Verlag,  |c 1978 
300 |a 208 s 
650 7 |a technika  |2 stusub 
996 |b 284M062242  |c M*1265-1  |l MMKN  |s A  |a 24  |w stu36411_0001